Normal view MARC view
  • Paquette, Radnor Joseph

Entry Personal Name

Number of records used in: 1

001 - CONTROL NUMBER

  • control field: 43592

003 - CONTROL NUMBER IDENTIFIER

  • control field: NUST

005 - DATE AND TIME OF LATEST TRANSACTION

  • control field: 20210314132709.0

008 - FIXED-LENGTH DATA ELEMENTS

  • fixed length control field: 210314|| aca||aabn | a|a d

040 ## - CATALOGING SOURCE

  • Original cataloging agency: NUST
  • Transcribing agency: NUST

100 ## - HEADING--PERSONAL NAME

  • Personal name: Paquette, Radnor Joseph

670 ## - SOURCE DATA FOUND

  • Source citation: Work cat.: (NUST): Wright, Paul H. 7049, Highway engineering /, c1987.
© 2023 Central Library, National University of Sciences and Technology. All Rights Reserved.